01444nam a2200325 a 4500001000400000003001000004005001700014008004100031020001800072040002500090080001600115090001700131100005600148245027800204260004500482300002700527490003400554500005300588500005100641504003600692650003600728650004100764650004100805650004700846700004500893830003400938942001200972952012100984999001301105784BR-CuiBMT20231117165149.0231113s2015 dfba 000 0 por d a9788562880100 aBR-CuiBMTcBR-CuiBMT a336.522007 a336.5bC331e1 aCarvalho Júnior, Antônio Carlos Costa d'Ávila10aEntendendo resultados fiscais : bteoria e prática de resultados primário e nominal : elaboração do anexo de metas fiscais e dos demonstrativos da LRF /cAntonio Carlos Costa d'Ávila Carvalho Jr., Paulo Henrique Feijó ; [prefácio, ministro Raimundo Carreiro]. aBrasília :bGestão Pública,c2015. a293 p. :bil. ;c26 cm1 aGestão fiscal responsável aInformação sobre a série retirada da capa. aInformação do prefácio retirada da capa. aInclui bibliografia e índice. aContabilidade públicazBrasil aSetor públicoxGestão financeira aOrçamento públicoxContabilidade aResponsabilidade fiscalxAnálisezBrasil aSilva, Paulo Henrique Feijó da,d1971- 0aGestão fiscal responsável 2udccLV 00102udc4070aBIBTCEMTbBIBTCEMTd2019-07-11l0o336.5 C331epBIBTCEMT23110699r2023-11-17tEx. 1w2023-11-17yLV c784d784